Statistics for Jennifer Lopez Quiz

Click here to take the quiz!

General Stats

  • This quiz has been taken 124 times
  • The average score is 7 of 10

Answer Stats

QuestionAnswer% Correct
Name of her three letter album which is one of her nicknamesJ.Lo
92%
She began judging in the 10th season of this singing contestAmerican Idol
79%
2002 hit and one of her nicknamesJenny From The Block
79%
She was born to parents of which American territoryPuerto Rico
77%
She played the role of this Mexican-American singer in the movie of the same nameSelena
76%
Singer she married in 2004Marc Anthony
74%
Song featuring Pitbull which is her best selling songOn The Floor
70%
Rapper that featured on her song "Booty"Iggy Azalea
55%
2015 thriller she starred in with Ryan GuzmanThe Boy Next Door
45%
Her first #1 hitIf You Had My Love
40%

Score Distribution

Percentile by Number Answered

Percent of People with Each Score

Your Score History

You have not taken this quiz